01088cam a2200301 i 4500001000700000003000400007005001700011008004100028010001700069015001500086020002300101035001100124040003100135050002400166100002900190245004300219260004800262264000900310300010100319336003300420337003500453338003400488500012000522504004100642600004400683710003000727710002900757890024OSt20260429091428.0800401s1979 enkacf bc 000 0 eng  a 80460105  aGB79-11933 a0944219128c£4.00 a890024 aDLCcFoundation University00aND 588.R8b2008 G471 aRichter, Gerhard,d1932-00aGerhard Richter :babstract paintings. a[London] :bWhitechapel Art Gallery],c2008 42008 a21, [2] p., [18] leaves of plates :bchiefly ill. (chiefly col.), ports. ;c27 cm.3booksfbooks atextbtxt2rdacontent3books aunmediatedbn2rdamedia3books avolumebnc2rdacarrier3books aCatalog of an exhibition held at the Municipal Van Abbemuseum, Einhoven and at the Whitechapel Art Gallery, London. aIncludes bibliographical references.10aRichter, Gerhard,d1932- xExhibitions.2 aStedelijk Van Abbemuseum.2 aWhitechapel Art Gallery.